Creation of Pakistan / (Record no. 188399)
[ view plain ]
| 000 -LEADER | |
|---|---|
| fixed length control field | 01021 a2200181 4500 |
| 003 - CONTROL NUMBER IDENTIFIER | |
| control field | NUST |
| 005 - DATE AND TIME OF LATEST TRANSACTION | |
| control field | 20230208120619.0 |
| 040 ## - CATALOGING SOURCE | |
| Transcribing agency | Nust |
| 082 ## - DEWEY DECIMAL CLASSIFICATION NUMBER | |
| Classification number | 954.91,KAD |
| 100 ## - MAIN ENTRY--PERSONAL NAME | |
| Personal name | Kadri, Shameem Hussain, |
| 9 (RLIN) | 108735 |
| 245 ## - TITLE STATEMENT | |
| Title | Creation of Pakistan / |
| Statement of responsibility, etc. | Justice Syed Shameem Hussain Kadri, |
| 260 ## - PUBLICATION, DISTRIBUTION, ETC. | |
| Place of publication, distribution, etc. | Pakistan |
| Name of publisher, distributor, etc. | Army Book Club |
| Date of publication, distribution, etc. | 1983 |
| 300 ## - PHYSICAL DESCRIPTION | |
| Extent | xvi, 521 p.; |
| Other physical details | illus |
| Dimensions | 18 cm |
| 505 ## - FORMATTED CONTENTS NOTE | |
| Formatted contents note | The Background of Pakistan Movement (Page-1) Muslim Awakening (Page-5) Eighty years of Black Laws (Page-11) Failure of Congress in Seing the communal realities resulted in the formation of all India Muslim league (Page-17) the Government of India act (Page-35) Government of India Act 1935 (Page-73) Survey of the Functional of Provincial Governments between 1937 and 1943 (Page-111) Victory of The Quaid and The Muslim Language (Page-173) The Historic Lahore Resolution (Page-191) Draft Declaration (Page-243) |
| 600 ## - SUBJECT ADDED ENTRY--PERSONAL NAME | |
| Personal name | Kadri, Shameem Hussain, |
| 9 (RLIN) | 108735 |
| 650 ## - SUBJECT ADDED ENTRY--TOPICAL TERM | |
| Topical term or geographic name entry element | Creation of pakistan |
| 9 (RLIN) | 108736 |
| 942 ## - ADDED ENTRY ELEMENTS (KOHA) | |
| Source of classification or shelving scheme | |
| Koha item type | Book |
| Call number prefix | 954.91,KAD |
| Withdrawn status | Lost status | Source of classification or shelving scheme | Damaged status | Not for loan | Permanent Location | Current Location | Shelving location | Date acquired | Total Checkouts | Full call number | Barcode | Date last seen | Date last checked out | Price effective from | Koha item type | Public note |
|---|---|---|---|---|---|---|---|---|---|---|---|---|---|---|---|---|
| Military College of Signals (MCS) | Military College of Signals (MCS) | General Stacks | 12/12/2016 | 2 | 954.91,KAD | MCS27491 | 11/29/2023 | 11/16/2023 | 12/12/2016 | Book | Almirah No.62, Shelf No.2 |
